Morceaux extraits du banquet des savans d'athenee /

Guardado en:
Autor Principal: Ateneo
Formato: Libro
Publicado: Paris : Hachette, 1828
Materias:
Etiquetas: Agregar Etiqueta
Sin Etiquetas, Sea el primero en etiquetar este registro!
LEADER 00464nam a22001575a 4500
001 EHU.bham018721
003 AR-BHAM
005 20101110160723.0
008 130507s1828##################000#0#####d
082 8 8 |a 888.08 
100 1 |a Ateneo 
245 1 0 |a Morceaux extraits du banquet des savans d'athenee /  |c Ateneo 
260 |a Paris :  |b Hachette,  |c 1828 
300 |a 380 p. 
653 |a Miscelanea griega 
859 |a AR-BHAM  |b BIB. HUMANIDADES - Arturo Marasso  |h 888.08  |i At27  |p 51.57  |t Ej.1  |v M